Agricultural growth and changing patterns : (Record no. 104801)

MARC details
000 -LEADER
fixed length control field 00680nam a22002057a 4500
005 - DATE AND TIME OF LATEST TRANSACTION
control field 20161128160329.0
010 ## - LCCN (DPL NO)
LC control number ENG-116683
020 ## - INTERNATIONAL STANDARD BOOK NUMBER
International Standard Book Number 9788184845365
Terms of availability 1080.00
035 ## - SYSTEM CONTROL NUMBER
System control number EN-100215
037 ## - SOURCE OF ACQUISITION
Source of stock number/acquisition DBAD/PUB
082 ## - DEWEY DECIMAL CLASSIFICATION NUMBER
Classification number 338.160954
245 ## - TITLE STATEMENT
Title Agricultural growth and changing patterns :
Statement of responsibility, etc edited by Syed Kajim Sabbir [and] Md Tariq
Remainder of title regional issues and problems /
260 ## - PUBLICATION, DISTRIBUTION, ETC. (IMPRINT)
Place of publication, distribution, etc New Delhi
Name of publisher, distributor, etc Regal Publications
Date of publication, distribution, etc 2016
270 ## - ADDRESS
Address F-159 Rajouri Garden
City New Delhi
Postal code 110027
300 ## - PHYSICAL DESCRIPTION
Extent vii,235p.
Dimensions 23cm(Hb)
500 ## - GENERAL NOTE
General note Includes index
700 ## - ADDED ENTRY--PERSONAL NAME
Personal name Satyendra Prajapati
700 ## - ADDED ENTRY--PERSONAL NAME
Personal name Satendra Narayan Singh
942 ## - ADDED ENTRY ELEMENTS (KOHA)
Source of classification or shelving scheme Dewey Decimal Classification
Item type English Books
Classification part 338.160954
Call number suffix AGR
Holdings
Withdrawn status Lost status Not for loan Collection code Home library Current library Date acquired Source of acquisition Cost, normal purchase price Full call number Barcode Copy number Cost, replacement price Koha item type
    Not For Loan Non-fiction D.B.Act.Division Bawana 28/11/2016 DBAD/PUB 695.00 338.160954 AGR EN-100215 1 695.00 English Books

© Delhi Public Library
Hit Counter
free hit counter